INSECTS PESTS AND FRESH HORTICULTURAL PRODUCTS:TREATMENTS AND RESEPONSES (Record no. 16094)

MARC details
000 -LEADER
fixed length control field 00439nam a22001577a 4500
003 - CONTROL NUMBER IDENTIFIER
control field OSt
005 - DATE AND TIME OF LATEST TRANSACTION
control field 20211101120127.0
008 - FIXED-LENGTH DATA ELEMENTS--GENERAL INFORMATION
fixed length control field 211101b |||||||| |||| 00| 0 eng d
020 ## - INTERNATIONAL STANDARD BOOK NUMBER
International Standard Book Number 0 85298 872 5
040 ## - CATALOGING SOURCE
Transcribing agency HAWASSA UNIVERSITY
050 ## - LIBRARY OF CONGRESS CALL NUMBER
Classification number 632.7/INS
Item number 4
082 ## - DEWEY DECIMAL CLASSIFICATION NUMBER
Classification number 632.7/INS
Item number 4
245 ## - TITLE STATEMENT
Title INSECTS PESTS AND FRESH HORTICULTURAL PRODUCTS:TREATMENTS AND RESEPONSES
260 ## - PUBLICATION, DISTRIBUTION, ETC.
Place of publication, distribution, etc. UK
Name of publisher, distributor, etc. CAB INTERNATIONAL
Date of publication, distribution, etc. 1994
942 ## - ADDED ENTRY ELEMENTS (KOHA)
Source of classification or shelving scheme Dewey Decimal Classification
Koha item type Books like text book referance book
Suppress in OPAC No
Holdings
Withdrawn status Lost status Source of classification or shelving scheme Damaged status Not for loan Home library Current library Date acquired Total Checkouts Full call number Barcode Date last seen Copy number Price effective from Koha item type
    Dewey Decimal Classification     College of Agriculture Library College of Agriculture Library 11/01/2021   632.7/INS ALIB0011206 11/01/2021 1 11/01/2021 Books like text book referance book
    Dewey Decimal Classification     College of Agriculture Library College of Agriculture Library 11/01/2021   632.7/INS ALIB0011207 11/01/2021 2 11/01/2021 Books like text book referance book
    Dewey Decimal Classification     College of Agriculture Library College of Agriculture Library 11/01/2021   632.7/INS ALIB0007977 11/01/2021 6 11/01/2021 Books like text book referance book
    Dewey Decimal Classification     College of Agriculture Library College of Agriculture Library 11/01/2021   632.7/INS ALIB0011209 11/01/2021 10 11/01/2021 Books like text book referance book